Normal view
MARC view
- Machine learning and Deep Learning Using Python
Entry Topical Term
001 - CONTROL NUMBER
- control field: 113925
003 - CONTROL NUMBER IDENTIFIER
- control field: NUST
005 - DATE AND TIME OF LATEST TRANSACTION
- control field: 20230803104703.0
008 - FIXED-LENGTH DATA ELEMENTS
- fixed length control field: 230803|| aca||aabn | a|a d
040 ## - CATALOGING SOURCE
- Original cataloging agency: NUST
- Transcribing agency: NUST
150 ## - HEADING--TOPICAL TERM
- Topical term or geographic name entry element: Machine learning and Deep Learning Using Python
670 ## - SOURCE DATA FOUND
- Source citation: Work cat.: (NUST): Konasani, Venkata Reddy 113923, Machine Learning and Deep Learning Using Python and Tensorflow, 2021.
